Fire safety, (Record no. 122147)
[ view plain ]
| 000 -LEADER | |
|---|---|
| fixed length control field | 01320nam a22002177a 4500 |
| 008 - FIXED-LENGTH DATA ELEMENTS--GENERAL INFORMATION | |
| fixed length control field | 221128s2022 xxk|||||o|||| 00| 0 eng d |
| 041 ## - LANGUAGE CODE | |
| Language code of text/sound track or separate title | eng |
| 110 ## - MAIN ENTRY--CORPORATE NAME | |
| Corporate author | Royal Institution of Chartered Surveyors |
| 245 ## - TITLE STATEMENT | |
| Title | Fire safety, |
| Subtitle | a clear impartial guide |
| Medium | [archived] |
| 250 ## - EDITION | |
| Edition statement | 3.5 |
| 260 ## - PUBLICATION INFORMATION | |
| Place of publication | United Kingdom, |
| Publisher | Royal Institution of Chartered Surveyors, |
| Date | 2022 |
| 300 ## - PHYSICAL DESCRIPTION | |
| Physical description | 24 cm |
| 490 ## - SERIES TITLE | |
| Series statement | RICS Consumer Guide |
| 500 ## - GENERAL NOTE | |
| General note | Replaced by April 2025 guidance |
| 520 ## - ABSTRACT | |
| Abstract | This guide offers basic advice about fire safety in the home, and has been written specifically with homeowners and residential tenants in mind.<br/><br/>Having a basic understanding of fire safety is very important for all of us, and in extreme circumstances can mean the difference between life and death in a fire situation. RICS has therefore commissioned this guide in order to spread awareness among homeowners and tenants and to communicate basic advice that is easy to follow. It has been written by RICS chartered building surveyors and a multi-discipline fire safety advisory group.<br/><br/> |
| 650 ## - KEYWORDS | |
| Keywords | Fire safety |
| 651 ## - SUBJECT ADDED ENTRY--GEOGRAPHIC NAME | |
| Geographic name | United Kingdom |
| 690 ## - BROAD SUBJECT | |
| 9 (RLIN) | 6244 |
| Broad subject | Health and safety |
| 856 ## - ONLINE RESOURCE | |
| Uniform Resource Identifier | <a href="https://www.ricsfirms.com/media/1300/fire-safety-consumer-guide-2022.pdf">https://www.ricsfirms.com/media/1300/fire-safety-consumer-guide-2022.pdf</a> |
| Public note | View archived 2022 edition on rics.org |
| 942 ## - ADDED ENTRY ELEMENTS (KOHA) | |
| Suppress in OPAC | Do not suppress in OPAC |
| Lost status | Damaged status | Not for loan | Collection code | Home library | Current library | Shelving location | Date acquired | Total Checkouts | Date last seen | Price effective from | Koha item type |
|---|---|---|---|---|---|---|---|---|---|---|---|
| Reference | Virtual | Virtual | 28/04/2025 | 28/04/2025 | 28/04/2025 | Online material |